Normal view
MARC view
- Leland B. jackson
Entry Personal Name
001 - CONTROL NUMBER
- control field: 97187
003 - CONTROL NUMBER IDENTIFIER
- control field: NUST
005 - DATE AND TIME OF LATEST TRANSACTION
- control field: 20220815125758.0
008 - FIXED-LENGTH DATA ELEMENTS
- fixed length control field: 220815|| aca||aabn | a|a d
040 ## - CATALOGING SOURCE
- Original cataloging agency: NUST
- Transcribing agency: NUST
100 ## - HEADING--PERSONAL NAME
- Personal name: Leland B. jackson
670 ## - SOURCE DATA FOUND
- Source citation: Work cat.: (NUST)193488: Leland B. jackson, Digital Filters and Signal Processing /, 1989
